000 00515nam a2200217Ia 4500
001 14214
003 GE_BSU
008 181216s||||||||xx |||||||||||||| ||und||
020 _a075150226X
040 _cGE_BSU
080 _a821.111-311.6
100 _aPeters,Ellis
245 4 _aThe Heretic's Apprentice
245 4 _bThe sixteenth chronicle of Brother cadfael
260 _aLondon
260 _bWarner futura
260 _c1989
300 _a245p.17cm.
653 _aThe Heretic's Apprentice
942 _cBK
999 _c47353
_d47353